| 000 | 00598nam a22001937a 4500 | ||
|---|---|---|---|
| 003 | URS | ||
| 005 | 20220114171713.0 | ||
| 008 | 170328b xxu||||| |||| 00| 0 eng d | ||
| 020 | _a0070719314 | ||
| 050 |
_aBF121 _bW67 1999 |
||
| 100 |
_aWortman, Camille B. _4author |
||
| 245 |
_aPsychology _cCamille B. Wortman, Elizabeth F. Liftusa, Charles Weaver |
||
| 250 | _aFifth Edition | ||
| 260 |
_aBoston: _bMcGraw-Hill Publishing, _c1999 |
||
| 300 |
_aVarious pages : Colored illustration; _c26 cm. |
||
| 700 |
_4author _aLiftusa, Elizabeth F. |
||
| 700 |
_4author _aCharles Weaver |
||
| 942 |
_cFR _2lcc |
||
| 999 |
_c14543 _d14543 |
||